000 00612nam a2200193 a 4500
001 000011131
005 20240412074223.0
008 091014s1996 dr 000 p spa d
040 _aDO-SdBNP
_bspa
_cBNPHU
082 _aRD861.44
_bP426m
100 1 _aPeralta, José Francisco
_926643
245 1 0 _aMi vida :
_bconsuelo para un romántico /
_cJosé Francisco Peralta.
260 _aSanto Domingo :
_b[s.n.],
_c1996.
300 _a40 p. : ;
_c19 cm.
590 _aInventariado, 2018 / DG
650 0 _aPoesía dominicana
_966
650 0 _aLiteratura dominicana.
_967
910 _aValidado. Control de calidad MFF
999 _c10856
_d10856